A este lado del paraíso /

Tallennettuna:
Bibliografiset tiedot
Päätekijä: Fitzgerald, Francis Scott (autor)
Muut tekijät: Benet, Juan (traducción) (traducción)
Aineistotyyppi: Kirja
Kieli:espanja
Julkaistu: México : Promexa, 1979, c1979
Sarja:(Las Grandes Obras del Siglo Veinte)
Aiheet:
Tagit: Lisää tagi
Ei tageja, Lisää ensimmäinen tagi!

MARC

LEADER 00000nam^a2200000^a^4500
001 000096375
005 20250521000000.0
009 20260526121749.384
020 |a 968-34-0084-1 
037 |a Acervo ITESO - Biblioteca 
041 |a ESP 
082 |a 813.  |b FIT 
100 |a Fitzgerald, Francis Scott  |e (autor) 
240 1 1 |a [A este lado del paraíso] 
240 1 4 |a [El gran Gatsby] 
245 1 0 |a A este lado del paraíso /  |c F.S. Fitzgerald ; tr. por J. Benet. 
264 4 |a México :  |b Promexa,  |c 1979, c1979 
300 |a 331 p. 
336 |a texto  |b txt  |2 rdacontenido 
337 |a sin mediación  |b n  |2 rdamedio 
338 |a volumen  |b nc  |2 rdasoporte 
440 5 |a (Las Grandes Obras del Siglo Veinte) 
500 |a Traducción de: This Side of Paradise 
500 |a Traducción de: The Great Gatsby 
545 0 |a Francis Scott Fitzgerald nació en St. Paul, Minnesota, en 1896, donde vivió la mayor parte de su juventud. Interrumpió sus estudios en la Universidad de Princeton para alistarse en el ejército en 1917. Su primer libro, A este lado paraíso (1920), lo situó entre los autores que mejor conectaban con los tiempos modernos. Aunque con menos popularidad que la anterior, El gran Gatsby (1925) es considerada su novela maestra; en ella disecciona las clases altas de la costa este, en busca del éxito y, paradójicamente, frente al gran colapso del sueño americano. También El último magnate (1941), su novela final y póstuma e inspirada en Hollywood, es calificada como una gran obra. Otros de sus títulos son Cuentos de la edad del jazz (1922), Todos los hombres tristes (1926) y Suave es la noche (1934). Agobiado por los graves problemas de salud mental de su mujer, su terrible inseguridad, y afición al alcohol y el deterioro de su prestigio, muere prematuramente en Hollywood en 1940. Es considerado como uno de los grandes maestros del relato corto. 
649 |a XX 
650 |a Clase Alta en la Literatura 
650 |a Clase Alta -  |z EUA -  |x Condiciones Sociales y Culturales 
650 |a Novela Norteamericana 
650 |a Literatura Norteamericana -  |y Siglo XX 
650 |a Infidelidad 
650 |a Amor 
650 |a Relaciones de Pareja 
650 |a Relaciones Intergénero 
650 |a Fiestas 
650 |a Lujo 
650 |a Melancolía y Nostalgia 
650 |a Historia Social -  |z EUA 
650 |a Long Island, EUA en el Cine 
650 |a Nueva York, EUA en el Cine 
650 |a EUA -  |x Historia -  |y 1919-1933 -  |x Tema Principal 
650 |a EUA -  |x Historia -  |y Siglo XX 
740 3 |a El gran Gatsby /  |c F.S. Fitzgerald ; tr. por E. Piñas. 
700 |a Benet, Juan  |e (traducción) 
910 |a Fondo Jesús Rodríguez 
920 |a Impresos - Libros 
930 |a Fondos Especiales 
940 |a Literatura 
905 |a 113 
901 |a 0500031146  |b IT2  |c ESP  |u 20250521 
902 |a https://opac.biblio.iteso.mx/vufind/Record/000096375